[Event "Sveins 5. minneturnering"]
[Site "Oslo"]
[Date "2012.06.22"]
[Round "4"]
[White "Westerinen, Heikki M.J."]
[Black "Christiansen, Johan-Sebastian"]
[Result "1/2-1/2"]
[WhiteElo "2335"]
[BlackElo "1995"]
[PlyCount "48"]
[EventDate "2012.??.??"]

1. e4 e5 2. Nf3 Nc6 3. Bb5 f5 4. Nc3 fxe4 5. Nxe4 d5 6. Ng3 Bg4 7. h3 Bxf3 8.
Qxf3 Nf6 9. Nh5 e4 10. Nxf6+ Qxf6 11. Qxf6 gxf6 12. d3 Kf7 13. Bxc6 bxc6 14.
dxe4 Re8 15. Be3 Rxe4 16. O-O-O Bd6 17. Rd3 f5 18. g3 Rhe8 19. Rhd1 Ke7 20. a3
a6 21. Bg5+ Kd7 22. Rf3 Rf8 23. Bh6 Rf6 24. Bg5 Rf8 
1/2-1/2

[Event "Sveins 5. minneturnering"]
[Site "Oslo"]
[Date "2012.06.22"]
[Round "4"]
[White "Seps, Monika"]
[Black "Wibe, Per H."]
[Result "1-0"]
[WhiteElo "2193"]
[BlackElo "1849"]
[PlyCount "79"]
[EventDate "2012.??.??"]

1. Nf3 Nf6 2. d4 g6 3. Bg5 Bg7 4. Nbd2 d5 5. e3 Ne4 6. Nxe4 dxe4 7. Nd2 Qd5 8.
Bh4 h5 9. Bc4 Qa5 10. c3 g5 11. b4 Qf5 12. Bg3 Be6 13. Bxe6 Qxe6 14. h4 g4 15.
Qc2 f5 16. Bxc7 Na6 17. Bf4 Qc6 18. Qb3 Nc7 19. Bxc7 Qxc7 20. O-O Qd7 21. Rac1
e6 22. Rfd1 O-O 23. g3 Kh7 24. c4 Bf6 25. Nf1 Bxh4 26. gxh4 Qe7 27. c5 f4 28.
exf4 Rxf4 29. c6 b5 30. c7 Rc8 31. Qg3 Qf7 32. Rd2 Rf3 33. Qe5 Rf5 34. Qxe4
Rxc7 35. Rxc7 Qxc7 36. Ne3 g3 37. Nxf5 Qc1+ 38. Kg2 Qxd2 39. Nxg3+ Kh8 40. Qe5+
1-0

[Event "Sveins 5. minneturnering"]
[Site "Oslo"]
[Date "2012.06.22"]
[Round "4"]
[White "De Seroux, Camille"]
[Black "Haubro, Sigfred"]
[Result "1/2-1/2"]
[WhiteElo "2128"]
[BlackElo "2135"]
[PlyCount "176"]
[EventDate "2012.??.??"]

1. e4 d5 2. exd5 Qxd5 3. Nc3 Qa5 4. d4 c6 5. Bd2 Qc7 6. Bc4 Nf6 7. Qe2 Bf5 8.
Nf3 e6 9. Nh4 Bg6 10. f4 Be7 11. O-O-O Bh5 12. Nf3 Nbd7 13. f5 O-O-O 14. fxe6
fxe6 15. Bxe6 Rhe8 16. Rhe1 Bd6 17. Qf1 Rf8 18. d5 Kb8 19. h3 Bg3 20. Re2 Ka8
21. Qg1 Ne5 22. dxc6 bxc6 23. Rf1 Rfe8 24. Bb3 Nxf3 25. gxf3 Bf4 26. Bxf4 Qxf4+
27. Kb1 Bg6 28. Qc5 Qd6 29. Qxd6 Rxd6 30. Rxe8+ Nxe8 31. Ne4 Rd4 32. Nc5 Nf6
33. Ne6 Rd2 34. Nxg7 Nd5 35. Kc1 Rh2 36. Re1 Rxh3 37. Bxd5 cxd5 38. f4 Rf3 39.
f5 Bxf5 40. Nxf5 Rxf5 41. Re8+ Kb7 42. Re7+ Kb6 43. Rxh7 a5 44. Rh2 Rf1+ 45.
Kd2 Kc5 46. c3 a4 47. Kc2 Rf4 48. Rd2 Rh4 49. Rg2 Rf4 50. Kd2 Rh4 51. Re2 Rg4
52. Kd3 Rh4 53. b3 axb3 54. axb3 Rg4 55. b4+ Kd6 56. Re3 Rg2 57. Re2 Rg4 58.
Re3 Rg2 59. Rh3 Rg4 60. Rh6+ Kc7 61. Rf6 Rh4 62. Ke3 Rc4 63. Kd3 Rh4 64. Rg6
Rf4 65. Rh6 Rg4 66. b5 Rf4 67. Ra6 Rh4 68. Rg6 Rf4 69. b6+ Kb7 70. Rd6 Rh4 71.
Kc2 Rg4 72. Kb3 Rh4 73. Rxd5 Kxb6 74. c4 Rh1 75. Kb4 Rb1+ 76. Kc3 Rc1+ 77. Kd4
Kc6 78. Rh5 Rd1+ 79. Kc3 Rc1+ 80. Kd4 Rd1+ 81. Ke4 Re1+ 82. Kd3 Rd1+ 83. Kc2
Rg1 84. Rd5 Rg3 85. Rd3 Rg1 86. Kc3 Kc5 87. Rh3 Rc1+ 88. Kb3 Rb1+ 
1/2-1/2

[Event "Sveins 5. minneturnering"]
[Site "Oslo"]
[Date "2012.06.22"]
[Round "4"]
[White "Omtvedt, Per"]
[Black "Haug, Johannes"]
[Result "1/2-1/2"]
[WhiteElo "2117"]
[BlackElo "1886"]
[PlyCount "50"]
[EventDate "2012.??.??"]

1. c4 Nf6 2. Nc3 d5 3. cxd5 Nxd5 4. Nf3 g6 5. g3 Bg7 6. Bg2 c5 7. O-O O-O 8.
Nxd5 Qxd5 9. d3 Nc6 10. a3 Qd6 11. Nd2 Nd4 12. Nc4 Qc7 13. Bd2 Ne6 14. Rc1 Bd7
15. b4 Bc6 16. Bxc6 Qxc6 17. bxc5 Nxc5 18. Bb4 b6 19. Na5 Qb5 20. Bxc5 bxc5 21.
Nc4 Rab8 22. Qc2 Rfc8 23. Rb1 Qa6 24. Rxb8 Rxb8 25. Rb1 Rb5 
1/2-1/2

[Event "Sveins 5. minneturnering"]
[Site "Oslo"]
[Date "2012.06.22"]
[Round "4"]
[White "Poulsen, Iver"]
[Black "Hansen, Erle Andrea Marki"]
[Result "1-0"]
[WhiteElo "2084"]
[BlackElo "1853"]
[PlyCount "43"]
[EventDate "2012.??.??"]

1. e4 c5 2. Nc3 Nc6 3. Nf3 Nf6 4. d4 cxd4 5. Nxd4 e5 6. Ndb5 d6 7. Bg5 a6 8.
Na3 b5 9. Bxf6 gxf6 10. Nd5 Bg7 11. c3 f5 12. exf5 Bxf5 13. Nc2 Bg6 14. h4 h5
15. a4 bxa4 16. Rxa4 a5 17. Bb5 Rc8 18. Rc4 Kd7 19. Nce3 f6 20. Rxc6 Rxc6 21.
Qa4 Ke6 22. Bxc6 
1-0

[Event "Sveins 5. minneturnering"]
[Site "Oslo"]
[Date "2012.06.22"]
[Round "4"]
[White "Salomon, Johan"]
[Black "Hauge, Lars Oskar"]
[Result "0-1"]
[WhiteElo "2052"]
[BlackElo "2071"]
[PlyCount "115"]
[EventDate "2012.??.??"]

1. Nf3 Nf6 2. g3 g6 3. Bg2 Bg7 4. O-O O-O 5. d4 d6 6. c4 Nc6 7. Nc3 a6 8. h3
Rb8 9. e4 e5 10. d5 Ne7 11. b4 h6 12. Ne1 Nd7 13. Nd3 f5 14. f3 c6 15. Qe2 b5
16. c5 cxd5 17. cxd6 Qb6+ 18. Be3 Qxd6 19. Nxd5 Nxd5 20. exd5 Qxd5 21. Rfd1 Qf7
22. Rac1 Re8 23. Rc7 Rb7 24. Rc6 Nb8 25. Rc2 Be6 26. Nc5 Rc7 27. a4 Bc4 28. Qd2
bxa4 29. Bxh6 Bb3 30. Nxb3 Rd7 31. Qxd7 Nxd7 32. Rc7 Re7 33. Na5 Bxh6 34. Nc6
Re6 35. Nd8 Qf6 36. Nxe6 Qxe6 37. Rcxd7 a3 38. Kh2 a2 39. Rd8+ Bf8 40. Rc1 Qb3
41. Rdd1 Bxb4 42. g4 f4 43. h4 Bc3 44. Rd3 Qb2 45. Rdxc3 Qxc3 46. Rxc3 a1=Q 47.
Rc8+ Kf7 48. Rc7+ Kf8 49. Rc8+ Ke7 50. Rc7+ Kd8 51. Rc6 Qe1 52. Rxa6 Qxh4+ 53.
Kg1 Qe1+ 54. Kh2 Qg3+ 55. Kh1 e4 56. fxe4 f3 57. Bf1 f2 58. Rxg6 0-1

[Event "Sveins 5. minneturnering"]
[Site "Oslo"]
[Date "2012.06.22"]
[Round "4"]
[White "Mihajlov, Sebastian"]
[Black "Arntsen, Frode"]
[Result "1-0"]
[WhiteElo "2064"]
[BlackElo "1815"]
[PlyCount "41"]
[EventDate "2012.??.??"]

1. d4 Nf6 2. c4 g6 3. Nc3 Bg7 4. e4 d6 5. f4 O-O 6. Nf3 c5 7. d5 e6 8. Be2 exd5
9. cxd5 Re8 10. Nd2 Na6 11. O-O Bd7 12. Kh1 Rb8 13. e5 dxe5 14. fxe5 Nxd5 15.
Nxd5 Rxe5 16. Nf3 Re8 17. Bg5 f6 18. Bf4 Rc8 19. Bxa6 bxa6 20. Re1 Be6 21. Nc7
1-0

[Event "Sveins 5. minneturnering"]
[Site "Oslo"]
[Date "2012.06.22"]
[Round "4"]
[White "Johansen, Stian"]
[Black "Lund, Terje"]
[Result "1-0"]
[WhiteElo "1997"]
[BlackElo "2053"]
[PlyCount "109"]
[EventDate "2012.??.??"]

1. d4 d5 2. c4 c6 3. Nf3 Nf6 4. Nc3 e6 5. Bg5 Be7 6. e3 O-O 7. Rc1 Nbd7 8. cxd5
exd5 9. Bd3 Re8 10. Ne5 Nxe5 11. dxe5 Ng4 12. Bf4 Bf8 13. h3 Nxe5 14. Bxh7+
Kxh7 15. Qh5+ Kg8 16. Bxe5 Qe7 17. Bd4 Be6 18. Ne2 Qb4+ 19. Bc3 Qe4 20. O-O Qf5
21. Qh4 Be7 22. Qg3 Qg5 23. Qf3 Bf5 24. Ng3 Bg6 25. Rcd1 Bc5 26. Kh1 Bxe3 27.
fxe3 Rxe3 28. Bd2 Rxf3 29. Bxg5 Rxf1+ 30. Nxf1 Re8 31. Be3 Bh5 32. g4 Bg6 33.
Kg2 b6 34. Kf2 Rd8 35. b4 Kf8 36. Ng3 Ke7 37. h4 Ke6 38. Ne2 Be4 39. Nd4+ Kd7
40. Nf3 f6 41. h5 Kd6 42. Rc1 Rc8 43. Nd4 Bd3 44. Rc3 Bb1 45. Nb5+ Kd7 46. Nxa7
Rc7 47. Bxb6 Rb7 48. Bc5 Be4 49. a4 g6 50. hxg6 Bxg6 51. a5 d4 52. Rc4 d3 53.
Rd4+ Ke6 54. Nxc6 Rh7 55. Rd6+ 1-0

[Event "Sveins 5. minneturnering"]
[Site "Oslo"]
[Date "2012.06.22"]
[Round "4"]
[White "Hansen, Lars-Henrik Bech"]
[Black "MacArthur, John"]
[Result "1/2-1/2"]
[WhiteElo "1992"]
[BlackElo "2035"]
[PlyCount "28"]
[EventDate "2012.??.??"]

1. e4 c5 2. Nf3 Nc6 3. d4 cxd4 4. Nxd4 g6 5. Nc3 Bg7 6. Be3 Nf6 7. Bc4 O-O 8.
f3 Qb6 9. Qd2 Nxe4 10. Nxc6 Bxc3 11. Nxe7+ Kg7 12. Qxc3+ Nxc3 13. Bxb6 axb6 14.
bxc3 Re8 
1/2-1/2

[Event "Sveins 5. minneturnering"]
[Site "Oslo"]
[Date "2012.06.22"]
[Round "4"]
[White "Edakina, Maria"]
[Black "Kjølberg, Jens Hjorth"]
[Result "0-1"]
[WhiteElo "1628"]
[BlackElo "1982"]
[PlyCount "54"]
[EventDate "2012.??.??"]

1. e4 c5 2. Nf3 d6 3. d4 cxd4 4. Nxd4 Nf6 5. Nc3 g6 6. Be3 Bg7 7. f3 O-O 8. Qd2
Nc6 9. Be2 d5 10. exd5 Nxd5 11. Nxd5 Qxd5 12. Nxc6 Qxc6 13. O-O-O Bf5 14. Bd3
Rfd8 15. Qe2 Qa4 16. Kb1 Qb4 17. Bc1 Be6 18. Qe1 Qc5 19. Be4 Rxd1 20. Qxd1 Qc4
21. Be3 Qxa2+ 22. Kc1 Qxb2+ 23. Kd2 Rd8+ 24. Bd3 Bc4 25. Ke1 Bxd3 26. cxd3 Qxg2
27. Rg1 Bc3+ 
0-1

[Event "Sveins 5. minneturnering"]
[Site "Oslo"]
[Date "2012.06.22"]
[Round "4"]
[White "Østby, Martin Bergsjø"]
[Black "Kjøita, Henning"]
[Result "1/2-1/2"]
[WhiteElo "1734"]
[BlackElo "1970"]
[PlyCount "77"]
[EventDate "2012.??.??"]

1. e4 c5 2. c3 e6 3. d4 d5 4. e5 Nc6 5. Nf3 Qb6 6. a3 Nge7 7. b4 cxd4 8. cxd4
Nf5 9. Bb2 Be7 10. Bd3 Bd7 11. Bxf5 exf5 12. Nc3 Be6 13. O-O O-O 14. Rc1 g5 15.
Na4 Qd8 16. Nc5 g4 17. Ne1 Bc8 18. Ned3 Bg5 19. Rc2 b6 20. Nb3 Qd7 21. f4 Bd8
22. Re2 Qe6 23. Re3 Kh8 24. h3 Rg8 25. g3 Ba6 26. Kf2 Bc4 27. Nbc1 a5 28. Rh1
axb4 29. axb4 Be7 30. Bc3 Ra3 31. Bb2 Ra7 32. hxg4 Bxb4 33. gxf5 Qxf5 34. Rh5
Qg4 35. Qh1 Rg7 36. f5 Bd2 37. Rf3 f6 38. Rh4 Qg5 39. Rh5 1/2-1/2

[Event "Sveins 5. minneturnering"]
[Site "Oslo"]
[Date "2012.06.22"]
[Round "4"]
[White "Schjelderup, Nils-Jakob"]
[Black "Roholdt, Njaal"]
[Result "0-1"]
[WhiteElo "1930"]
[BlackElo "1756"]
[PlyCount "68"]
[EventDate "2012.??.??"]

1. e4 c5 2. Nc3 d6 3. f4 Nc6 4. Bb5 Bd7 5. a4 Nf6 6. Nf3 g6 7. d3 Bg7 8. O-O
O-O 9. Qe1 Nb4 10. Qh4 Nxc2 11. f5 Bxb5 12. axb5 Nxa1 13. Bh6 Nh5 14. Bxg7 Kxg7
15. g4 Nf6 16. Rxa1 e6 17. Rf1 exf5 18. exf5 a5 19. Ng5 h6 20. Nh3 Nh7 21. Qg3
g5 22. Ne4 f6 23. Nhf2 Qb6 24. Nxd6 Rad8 25. Nc4 Qxb5 26. Ne4 Qd7 27. Ned6 b5
28. Re1 bxc4 29. Re6 Rfe8 30. Nxe8+ Rxe8 31. Rd6 Re1+ 32. Qxe1 Qxd6 33. dxc4
Qd4+ 34. Qf2 Qxg4+ 
0-1

[Event "Sveins 5. minneturnering"]
[Site "Oslo"]
[Date "2012.06.22"]
[Round "4"]
[White "Bue, Gunnar"]
[Black "Rødvik, Trym Daniel"]
[Result "0-1"]
[WhiteElo "1693"]
[BlackElo "1926"]
[PlyCount "64"]
[EventDate "2012.??.??"]

1. d4 Nf6 2. c4 g6 3. Nc3 Bg7 4. e4 O-O 5. f3 d6 6. Be3 Nc6 7. Nge2 a6 8. Qd2
Rb8 9. g4 e5 10. d5 Na5 11. Ng3 b5 12. cxb5 axb5 13. Bxb5 Bd7 14. b4 Bxb5 15.
bxa5 Ba6 16. Kf2 c6 17. Bb6 Rxb6 18. axb6 Qxb6+ 19. Kg2 cxd5 20. Rab1 Qa5 21.
Rhd1 d4 22. Nd5 Qxd2+ 23. Rxd2 Nxd5 24. exd5 Bc4 25. a4 Bh6 26. Rdb2 Bxd5 27.
Rb8 d3 28. Rxf8+ Kxf8 29. Ne4 f5 30. g5 fxe4 31. gxh6 e3 32. a5 d2 
0-1

[Event "Sveins 5. minneturnering"]
[Site "Oslo"]
[Date "2012.06.22"]
[Round "4"]
[White "Langmyhr, Tore"]
[Black "Olsen, Ulrik"]
[Result "1/2-1/2"]
[WhiteElo "1905"]
[BlackElo "1718"]
[PlyCount "92"]
[EventDate "2012.??.??"]

1. c4 Nf6 2. Nc3 g6 3. e4 c6 4. d4 d5 5. e5 Ng8 6. Nf3 Bg7 7. cxd5 cxd5 8. Qb3
e6 9. Nb5 Qd7 10. Nd6+ Kf8 11. Bd2 h6 12. Bb5 Nc6 13. Rc1 Nge7 14. O-O Kg8 15.
Nh4 Nxd4 16. Bxd7 Nxb3 17. Rxc8+ Nxc8 18. axb3 Nxd6 19. exd6 Rd8 20. Bb5 Rxd6
21. Rc1 a6 22. Bd3 Rd7 23. Rc2 Kh7 24. f4 b5 25. f5 exf5 26. Nxf5 Re8 27. Nxg7
Kxg7 28. g4 Ree7 29. Kf2 d4 30. Rc6 Re6 31. Rc5 Rf6+ 32. Kg3 Rfd6 33. Bf4 Re6
34. h4 Re1 35. g5 hxg5 36. hxg5 Rde7 37. Kf2 Rd1 38. Be2 Rb1 39. Be5+ Rxe5 40.
Rxe5 Rxb2 41. Rd5 Rxb3 42. Rxd4 Rc3 43. Rd5 Kf8 44. Rd6 Rc5 45. Rxa6 Rxg5 46.
Rb6 Rf5+ 1/2-1/2

[Event "Sveins 5. minneturnering"]
[Site "Oslo"]
[Date "2012.06.22"]
[Round "4"]
[White "Jørgensen, Line Jin"]
[Black "Amarapala, Sherington"]
[Result "1-0"]
[WhiteElo "1876"]
[BlackElo "1732"]
[PlyCount "99"]
[EventDate "2012.??.??"]

1. d4 d5 2. c4 e6 3. Nc3 c5 4. cxd5 exd5 5. Nf3 Nc6 6. e3 Nf6 7. Bb5 Bd7 8. O-O
a6 9. Bd3 Be7 10. dxc5 Bxc5 11. e4 dxe4 12. Nxe4 Nxe4 13. Bxe4 O-O 14. Qc2 Qb6
15. Bxh7+ Kh8 16. Qe4 Qb4 17. Bd2 Qxe4 18. Bxe4 Rfe8 19. Rfe1 Re7 20. Bc3 Rae8
21. Bd5 Be6 22. Bxe6 Rxe6 23. Rxe6 Rxe6 24. Re1 Rxe1+ 25. Nxe1 f6 26. Kf1 Nd4
27. Nd3 Bb6 28. b4 Nb5 29. Bb2 Nd6 30. Ke2 Kg8 31. Nc5 Kf7 32. Kd3 Bxc5 33.
bxc5 Nf5 34. Ke4 Ke6 35. g4 Nh6 36. h3 Nf7 37. f4 g5 38. f5+ Ke7 39. Ba3 Kd7
40. Kd5 Nd8 41. Bb4 Nc6 42. Bc3 Ke7 43. Be1 Ne5 44. Bg3 Nf3 45. c6 bxc6+ 46.
Kxc6 Ne5+ 47. Bxe5 fxe5 48. Kd5 Kf6 49. Ke4 a5 50. a4 1-0

[Event "Sveins 5. minneturnering"]
[Site "Oslo"]
[Date "2012.06.22"]
[Round "4"]
[White "Sætre, Mathias"]
[Black "Sætre, Roger"]
[Result "1-0"]
[WhiteElo "1695"]
[BlackElo "1865"]
[PlyCount "127"]
[EventDate "2012.??.??"]

1. e4 e5 2. Nf3 Nc6 3. d4 exd4 4. Nxd4 Bc5 5. Be3 Qf6 6. c3 Qg6 7. f3 Nge7 8.
Nb5 Bxe3 9. Nxc7+ Kd8 10. Nxa8 b6 11. Na3 Bb7 12. Nc4 Bh6 13. Naxb6 axb6 14.
Qb3 d5 15. Rd1 Kc7 16. Qxb6+ Kb8 17. Qb5 Rd8 18. Nb6 Qg5 19. g3 dxe4 20. Qxg5
Rxd1+ 21. Kxd1 Bxg5 22. f4 Bh6 23. Nd7+ Kc7 24. Nc5 Nf5 25. Ke2 Nd6 26. Nxb7
Nxb7 27. h4 g6 28. a4 Bg7 29. h5 Nd6 30. hxg6 hxg6 31. Kd2 Ne7 32. g4 Nd5 33.
Rh7 Bf6 34. c4 e3+ 35. Kd3 Nxf4+ 36. Kxe3 Ne6 37. b4 Ng5 38. Rh1 Bc3 39. c5 Nb7
40. c6 Nd6 41. b5 Ba5 42. Rh8 Bb6+ 43. Kd3 Ne6 44. Ra8 Bd4 45. Kc2 f5 46. Rg8
Nf4 47. gxf5 gxf5 48. a5 Nd5 49. Kb3 Nc3 50. a6 Kb6 51. c7 Kxc7 52. a7 Bxa7 53.
Rg7+ Kb8 54. Kxc3 f4 55. Rd7 Ne4+ 56. Kc4 f3 57. Bd3 f2 58. Re7 Nc5 59. Rf7
Nxd3 60. Kxd3 Bc5 61. Kc4 Bb6 62. Kd5 Be3 63. Kc6 Bd4 64. b6 1-0

[Event "Sveins 5. minneturnering"]
[Site "Oslo"]
[Date "2012.06.22"]
[Round "4"]
[White "Riiser, Samuel"]
[Black "Machlik, Jon"]
[Result "0-1"]
[WhiteElo "1825"]
[BlackElo "1701"]
[PlyCount "78"]
[EventDate "2012.??.??"]

1. d4 f5 2. g3 Nf6 3. Bg2 e6 4. Nf3 Be7 5. O-O O-O 6. Nbd2 d6 7. c4 Nc6 8. Qc2
e5 9. dxe5 dxe5 10. e4 fxe4 11. Nxe4 Bf5 12. Nxf6+ Rxf6 13. Qb3 Be4 14. Re1
Rxf3 15. Qb5 Qd3 16. Be3 Nd4 17. Bxd4 Qxd4 18. Bxf3 Bxf3 19. Qb3 Rf8 20. Re3
Qg4 21. Rc1 Bg5 22. Rxf3 Rxf3 23. Rc3 Rxc3 24. Qxc3 Qd4 25. Qb3 Qb6 26. Qc3 Bf6
27. c5 Qc6 28. b4 Qd5 29. Qa3 a6 30. Qc1 Qxa2 31. Qd1 Qe6 32. Qf3 e4 33. Qf4
Qe5 34. Qg4 Qe8 35. Qf4 Qe7 36. Qg4 c6 37. Qf4 Bd4 38. Qb8+ Qf8 39. Qxb7 Qxf2+
0-1

[Event "Sveins 5. minneturnering"]
[Site "Oslo"]
[Date "2012.06.22"]
[Round "4"]
[White "Rødsmoen, Maud"]
[Black "Eriksen, Dag"]
[Result "0-1"]
[WhiteElo "1778"]
[BlackElo "1656"]
[PlyCount "116"]
[EventDate "2012.??.??"]

1. e4 Nf6 2. e5 Nd5 3. c4 Nb6 4. d4 d6 5. exd6 cxd6 6. Nf3 g6 7. Nc3 Bg7 8. Be3
O-O 9. Qd2 Re8 10. Be2 Nc6 11. O-O Bg4 12. b3 e5 13. dxe5 dxe5 14. Rad1 Qe7 15.
Bxb6 axb6 16. Nd5 Qa3 17. Nxb6 Bxf3 18. Bxf3 Ra6 19. Bxc6 bxc6 20. Na4 Bf8 21.
Qe2 Raa8 22. Rd7 Re7 23. Rxe7 Qxe7 24. Re1 Re8 25. Qe4 Qb4 26. Kf1 Qd6 27. Nc3
f5 28. Qc2 e4 29. Kg1 Qe5 30. Re2 Bb4 31. Nd1 f4 32. Qb2 Rd8 33. Qb1 f3 34. Re3
Qg5 35. g3 Qf5 36. Nb2 Rd2 37. Rxe4 Qh3 38. Qf1 Qxf1+ 39. Kxf1 Rxb2 40. Re1
Bxe1 41. Kxe1 Re2+ 42. Kd1 Rxf2 43. Ke1 Rxh2 44. Kf1 Rxa2 45. Kg1 Kf7 46. b4 g5
47. b5 cxb5 48. cxb5 g4 49. b6 Rb2 50. b7 Rxb7 51. Kf2 Rb2+ 52. Kf1 Kf6 53. Ke1
Ke5 54. Kf1 Ke4 55. Ke1 Ke3 56. Kd1 f2 57. Kc1 Re2 58. Kb1 f1=Q# 0-1

[Event "Sveins 5. minneturnering"]
[Site "Oslo"]
[Date "2012.06.22"]
[Round "5"]
[White "Hammer, Jon Ludvig"]
[Black "Urkedal, Frode Olav Olsen"]
[Result "0-1"]
[WhiteElo "2630"]
[BlackElo "2439"]
[PlyCount "86"]
[EventDate "2012.??.??"]

1. d4 Nf6 2. c4 e6 3. g3 Bb4+ 4. Bd2 Qe7 5. Bg2 Nc6 6. e3 Bxd2+ 7. Qxd2 d5 8.
Ne2 Ne4 9. Qc2 Qb4+ 10. Kf1 Qe7 11. Bxe4 Nb4 12. Qc3 dxe4 13. Nd2 f5 14. a3 Nc6
15. f4 exf3 16. Nxf3 O-O 17. Kf2 b6 18. Rhd1 Bb7 19. d5 exd5 20. cxd5 Nd8 21.
Rac1 Rc8 22. Qe5 Qd7 23. Nf4 Nf7 24. Qe6 Qb5 25. b4 Rce8 26. Qxf5 Ne5 27. Qg5
Nxf3 28. Kxf3 h6 29. Qh5 c6 30. Kf2 Rf7 31. Kg1 Rxe3 32. Re1 Rxe1+ 33. Rxe1
cxd5 34. Ng6 Ba6 35. Kg2 Kh7 36. Ne7 Rf6 37. Qe5 Qd3 38. Kh3 Qf3 39. Qb8 Bf1+
40. Rxf1 Qxf1+ 41. Kh4 g5+ 42. Kg4 Qe2+ 43. Kh3 Qxe7 
0-1

[Event "Sveins 5. minneturnering"]
[Site "Oslo"]
[Date "2012.06.22"]
[Round "5"]
[White "Berg, Emanuel"]
[Black "Hagen, Andreas Skytte"]
[Result "1-0"]
[WhiteElo "2587"]
[BlackElo "2445"]
[PlyCount "75"]
[EventDate "2012.??.??"]

1. e4 e5 2. Nf3 Nc6 3. Bb5 Nf6 4. d3 Bc5 5. Bxc6 dxc6 6. h3 Nd7 7. Nbd2 O-O 8.
Nc4 Re8 9. O-O f6 10. Be3 Bf8 11. Nh2 Nc5 12. f4 exf4 13. Rxf4 Ne6 14. Rf2 c5
15. Qh5 Nd4 16. Bxd4 cxd4 17. Ng4 Be6 18. Raf1 Be7 19. Rf3 Kh8 20. b3 Rf8 21.
a4 Qe8 22. Qa5 b6 23. Qe1 a6 24. R1f2 b5 25. axb5 axb5 26. Nd2 Qc6 27. Nf1 Ra2
28. c4 Ra3 29. Rb2 Qd7 30. Ng3 Bxg4 31. hxg4 Qxg4 32. Nf5 Bd6 33. cxb5 Rfa8 34.
Nxd6 Ra1 35. Rb1 R8a2 36. Nf7+ Kg8 37. Nh6+ gxh6 38. Rg3 1-0

[Event "Sveins 5. minneturnering"]
[Site "Oslo"]
[Date "2012.06.22"]
[Round "5"]
[White "Tari, Aryan"]
[Black "Hillarp Persson, Tiger"]
[Result "0-1"]
[WhiteElo "2216"]
[BlackElo "2578"]
[PlyCount "84"]
[EventDate "2012.??.??"]

1. e4 g6 2. d4 d6 3. Nc3 c6 4. f4 d5 5. e5 b5 6. Nf3 Bg4 7. Be2 Bxf3 8. Bxf3 e6
9. Be3 Nd7 10. Qd3 Nh6 11. O-O-O Nf5 12. Bf2 Qa5 13. Kb1 h5 14. g3 Nb6 15. h3
b4 16. Ne2 c5 17. dxc5 Bxc5 18. Bxc5 Qxc5 19. g4 Ne3 20. Rde1 Nec4 21. b3 Na3+
22. Kb2 Nb5 23. f5 gxf5 24. gxf5 O-O-O 25. fxe6 fxe6 26. Nf4 Rhf8 27. Be2 Qc3+
28. Qxc3+ bxc3+ 29. Kc1 Rxf4 30. Bxb5 Rg8 31. Rhg1 Rxg1 32. Rxg1 Re4 33. Rg8+
Kc7 34. Rg7+ Kd8 35. Kd1 Rxe5 36. Rxa7 d4 37. a4 Nd5 38. Rh7 Ne3+ 39. Kc1 Rg5
40. Kb1 Rg1+ 41. Ka2 Nxc2 42. b4 Nxb4+ 0-1

[Event "Sveins 5. minneturnering"]
[Site "Oslo"]
[Date "2012.06.22"]
[Round "5"]
[White "Hebden, Mark L"]
[Black "Hoi, Carsten"]
[Result "1-0"]
[WhiteElo "2512"]
[BlackElo "2357"]
[PlyCount "195"]
[EventDate "2012.??.??"]

1. e4 g6 2. d4 Bg7 3. Nf3 d6 4. Bc4 Nc6 5. O-O Nf6 6. e5 dxe5 7. Nxe5 Nxe5 8.
dxe5 Qxd1 9. Rxd1 Nd7 10. e6 fxe6 11. Na3 Nb6 12. Bb3 Bd7 13. c3 a5 14. Be3 a4
15. Bxb6 cxb6 16. Bc4 Ra5 17. Rd2 Be5 18. Re1 Bd6 19. Bxe6 Bxe6 20. Rxe6 Bxa3
21. bxa3 Rc5 22. Rd3 Kf7 23. Rde3 Rc7 24. Rxb6 Rd8 25. g4 Rd2 26. Rb4 b5 27.
Rxb5 Rxa2 28. c4 Rxc4 29. Rf3+ Kg7 30. h3 Re4 31. Rb8 g5 32. Ra8 h6 33. Kg2 Ra1
34. Ra5 Ree1 35. Rd3 Re4 36. Rf5 Kg6 37. Kf3 Rc4 38. Re3 Rc2 39. Ra5 Raa2 40.
Kg3 Rc4 41. Ra6+ Kf7 42. Rf3+ Kg7 43. Re6 Rc7 44. Rfe3 Ra1 45. R6e4 Ra7 46. h4
gxh4+ 47. Kxh4 Kf7 48. Rb4 Rh1+ 49. Kg3 Rg1+ 50. Kf4 Ra8 51. Re5 Rf1 52. Rf5+
Kg7 53. Kg3 Rh1 54. Rf3 Re1 55. Rbf4 Rg1+ 56. Kh2 Re1 57. Rc4 Ra5 58. Rff4 Ra1
59. Rc3 h5 60. Rg3 hxg4 61. Rgxg4+ Kh6 62. Rf3 Rh5+ 63. Kg2 Rg5 64. Rh3+ Kg6
65. Rhg3 Rxg4 66. Rxg4+ Kf5 67. Rxa4 e5 68. f3 Ra2+ 69. Kg3 Ra1 70. Ra7 Rb1 71.
a4 Kg6 72. Ra6+ Kg7 73. a5 Rb3 74. Re6 Rb5 75. a6 Kf7 76. Rh6 Kg7 77. Rc6 Rb4
78. Rc8 Ra4 79. Ra8 Kh7 80. a7 Kg7 81. Kf2 Ra3 82. Ke2 Kh7 83. Kd2 Kg7 84. Kc2
Kh7 85. Kb2 Ra6 86. Kb3 Kg7 87. Kb4 Ra1 88. Kc5 Kh7 89. Kd5 Ra5+ 90. Ke6 Kg7
91. Kf5 Kh7 92. Kf6 Ra6+ 93. Kxe5 Ra5+ 94. Kd6 Ra1 95. f4 Rd1+ 96. Kc5 Ra1 97.
f5 Rc1+ 98. Kb4 1-0

[Event "Sveins 5. minneturnering"]
[Site "Oslo"]
[Date "2012.06.22"]
[Round "5"]
[White "Ziska, Helgi Dam"]
[Black "Smith, Axel"]
[Result "1/2-1/2"]
[WhiteElo "2450"]
[BlackElo "2483"]
[PlyCount "31"]
[EventDate "2012.??.??"]

1. e4 c5 2. Nf3 g6 3. d4 cxd4 4. Nxd4 Nc6 5. c4 Nf6 6. Nc3 Nxd4 7. Qxd4 d6 8.
Bg5 Bg7 9. Be2 O-O 10. Qd2 Be6 11. Rc1 Qa5 12. f3 Rfc8 13. b3 a6 14. Na4 Qxd2+
15. Kxd2 Nd7 16. Bd3 
1/2-1/2

[Event "Sveins 5. minneturnering"]
[Site "Oslo"]
[Date "2012.06.22"]
[Round "5"]
[White "Seps, Monika"]
[Black "Øgaard, Leif"]
[Result "1/2-1/2"]
[WhiteElo "2193"]
[BlackElo "2408"]
[PlyCount "63"]
[EventDate "2012.??.??"]

1. Nf3 Nf6 2. g3 d5 3. Bg2 c6 4. c4 g6 5. O-O Bg7 6. d4 O-O 7. cxd5 cxd5 8. Nc3
Nc6 9. Ne5 e6 10. f4 Nd7 11. Kh1 Ndxe5 12. dxe5 b6 13. Nb5 Qd7 14. a4 Ba6 15.
Ra3 Rfd8 16. Rd3 Bxb5 17. axb5 Nb4 18. Rd4 Qxb5 19. Qb3 a5 20. Rfd1 Rac8 21. e4
Rc2 22. Bf1 Qc6 23. Bd2 Bf8 24. Bxb4 Bxb4 25. Bg2 Qc5 26. exd5 exd5 27. Bxd5
Kg7 28. f5 Re2 29. fxg6 Re1+ 30. Rxe1 Qxd4 31. Rd1 Bd2 32. Bg2 
1/2-1/2

[Event "Sveins 5. minneturnering"]
[Site "Oslo"]
[Date "2012.06.22"]
[Round "5"]
[White "Poulsen, Iver"]
[Black "Westerinen, Heikki M.J."]
[Result "0-1"]
[WhiteElo "2084"]
[BlackElo "2335"]
[PlyCount "90"]
[EventDate "2012.??.??"]

1. e4 e6 2. d4 d5 3. Nc3 Bb4 4. e5 c5 5. a3 Bxc3+ 6. bxc3 Qa5 7. Bd2 Qa4 8. Qb1
c4 9. Nf3 Nc6 10. g3 f6 11. Bg2 fxe5 12. Nxe5 Nxe5 13. dxe5 Ne7 14. O-O O-O 15.
Be3 b6 16. Qd1 Bd7 17. Qd2 Be8 18. Ra2 Bg6 19. Rb1 Qd7 20. a4 Nc6 21. f4 Rad8
22. Bd4 Qf7 23. Rf1 Bf5 24. Qe3 Qg6 25. Rf2 Rd7 26. Kf1 Qh5 27. Bf3 Bg4 28. Ke2
Rdf7 29. h4 h6 30. Ra1 Ne7 31. Bxg4 Qxg4+ 32. Qf3 Qg6 33. Kd2 Nf5 34. Rg2 h5
35. a5 b5 36. Rgg1 b4 37. Bc5 bxc3+ 38. Kxc3 d4+ 39. Bxd4 Nxd4 40. Kxd4 Qxc2
41. Ke3 Rb8 42. Ra3 Qb2 43. Ke4 Rd7 44. Rc3 Qd2 45. Qe3 Qd5# 
0-1

[Event "Sveins 5. minneturnering"]
[Site "Oslo"]
[Date "2012.06.22"]
[Round "5"]
[White "Christiansen, Johan-Sebastian"]
[Black "Ådnøy, Hallvard V"]
[Result "1-0"]
[WhiteElo "1995"]
[BlackElo "2286"]
[PlyCount "110"]
[EventDate "2012.??.??"]

1. c4 Nf6 2. Nc3 d6 3. g3 e5 4. Bg2 c6 5. e4 Be7 6. Nge2 O-O 7. O-O a6 8. d3 b5
9. b3 Bb7 10. h3 b4 11. Na4 c5 12. Be3 Nc6 13. f4 Nd7 14. f5 Bg5 15. Bf2 h5 16.
h4 Bh6 17. Be1 Be3+ 18. Bf2 Bxf2+ 19. Rxf2 Nf6 20. Qd2 Kh7 21. Nb2 a5 22. Rb1
Rh8 23. Rff1 Nd4 24. Nxd4 cxd4 25. Rf3 Bc6 26. Nd1 Nd7 27. Nf2 f6 28. g4 hxg4
29. Nxg4 Kg8 30. Rh3 Kf7 31. h5 Ke7 32. h6 Qg8 33. Kf2 g6 34. Rg3 g5 35. Bf3
Qf7 36. Rbg1 Nc5 37. Ke2 Kd8 38. Rh1 Kc7 39. h7 Nd7 40. Rgh3 Raf8 41. Rh6 Qe7
42. Nf2 Rf7 43. a3 Rfxh7 44. Rxh7 Rxh7 45. axb4 Rxh1 46. Nxh1 axb4 47. Qxb4 Nc5
48. Qa5+ Kb7 49. b4 Na4 50. b5 Nc3+ 51. Kf2 Be8 52. Ng3 Kb8 53. Qb6+ Kc8 54.
Bh5 Bd7 55. Qa7 Qf8 1-0

[Event "Sveins 5. minneturnering"]
[Site "Oslo"]
[Date "2012.06.22"]
[Round "5"]
[White "Meurs, Tom"]
[Black "Mihajlov, Sebastian"]
[Result "1-0"]
[WhiteElo "2246"]
[BlackElo "2064"]
[PlyCount "27"]
[EventDate "2012.??.??"]

1. e4 e5 2. Nf3 Nc6 3. Bb5 a6 4. Ba4 Nf6 5. O-O b5 6. Bb3 Bb7 7. c3 Nxe4 8. d4
exd4 9. Re1 d5 10. Ng5 Qf6 11. Bxd5 Qxf2+ 12. Kh1 O-O-O 13. Nxe4 Qh4 14. Bg5
1-0